000 01817nas a2200277Ia 4500
001 R050-S1576
003 IT-CnALBA
008 170116c99999999xx |||||||||||| ||und||
040 _aIT-CnALBA
_cIT-CnALBA
041 _aITALIANO
100 _aMESSINEO A., SJ.
210 _aLA CIVILTÀ CATTOLICA
222 _aLA CIVILTÀ CATTOLICA
245 0 _aLA CIVILTÀ CATTOLICA. ANNO LXXXVI. VOL. IV. 1935.
_bRIVISTA CULTURALE
250 _a1a ed.
260 _a ROMA
_bLA CIVILTÀ CATTOLICA EDIZIONI
_c1935 [1° Ed.:1935 - Ed.Ling.Originale: 1935]
300 _a538 p.
310 _aQUINDICINALE
362 _aFascicolo: 4 / Anno: 86 (1935)
500 _aFIERA DEL LEVANTE A BARI. IL X CONGRESSO DI FILOSOFIA. PRIMORDI NMISSIONI CATTOLICHE IN CINA. GIOIELLO D'ARTE SACRA, S. MARIA DELLE GRAZIE A CAPONAPOLI. ETIOPIA RELIGIOSA, LA LOGICA DEL NATURALISMO ECONOMICO. UNA VITA E UN LIBRO, NOVELLA. BLONDELISMO, BLONDEL. NUOVE OSSERVAZIONI EPISTOLARIO S. CATERINA DA SIENA. ARTI DI PROPAGANDA E NUOVE CONQUISTE DEL BOLSCEVISMO. AFFETTI DELL'AGIOGRAFO E ISPIRAZIONE. FRANCESCO ACRI CENTENARIO NASCITA. CONCEZIONE CORPORATIVA, RASSEGNA.
501 _aSocietà San Paolo EM - Piazza San Paolo, 14 - 12051 ALBA (CN) (non commercial uses only) ® Copyright 2017
520 _aFIERA DEL LEVANTE A BARI. IL X CONGRESSO DI FILOSOFIA. PRIMORDI NMISSIONI CATTOLICHE IN CINA. GIOIELLO D'ARTE SACRA, S. MARIA DELLE GRAZIE A CAPONAPOLI. ETIOPIA RELIGIOSA, LA LOGICA DEL NATURALISMO ECONOMICO. UNA VITA E UN LIBRO, NOVELLA. BLONDELISMO, BLONDEL. NUOVE OSSERVAZIONI EPISTOLARIO S. CATERINA DA SIENA. ARTI DI PROPAGANDA E NUOVE CONQUISTE DEL BOLSCEVISMO. AFFETTI DELL'AGIOGRAFO E ISPIRAZIONE. FRANCESCO ACRI CENTENARIO NASCITA. CONCEZIONE CORPORATIVA, RASSEGNA.
650 _aRIVISTA CULTURALE
942 _cCR
957 _71
999 _a63475
_bSI
_g1
_c330175
_d330175